Κατάλογος Βιβλιοθηκών Mediterranean College

Manufacturing Planning and Control Systems / Fourth Edition (Record no. 1114)

MARC details
000 -LEADER
fixed length control field 01695cam a22002414a 4500
005 - ΗΜΕΡΟΜΗΝΙΑ ΚΑΙ ΩΡΑ ΤΕΛΕΥΤΑΙΑΣ ΕΝΗΜΕΡΩΣΗΣ
Πεδίο ελέγχου 20250605163958.0
008 - FIXED-LENGTH DATA ELEMENTS--GENERAL INFORMATION
Πεδίο ελέγχου σταθερού μήκους 250528s ||||||||||||||||||||||||d
035 ## - SYSTEM CONTROL NUMBER
System control number 15540
020 ## - ISBN
ISBN 71148906
040 ## - ΠΗΓΗ ΚΑΤΑΛΟΓΟΓΡΑΦΗΣΗΣ
Φορέας πρωτότυπης καταλογογράφησης MC Athens Campus Library
Γλώσσα καταλογογράφησης Ελληνικά, Μοντέρνα (1453-)
Modifying agency MC Athens Campus Library
Κανόνες περιγραφικής καταλογογράφησης AACR2
245 1# - ΤΙΤΛΟΣ ΚΑΙ ΔΗΛΩΣΗ ΥΠΕΥΘΥΝΟΤΗΤΑΣ
Τίτλος Manufacturing Planning and Control Systems / Fourth Edition
250 ## - EDITION STATEMENT
Edition statement 4th
260 ## - PUBLICATION, DISTRIBUTION, ETC.
Name of publisher, distributor, etc. Irwin Mcgraw-Hill,
Date of publication, distribution, etc. 1997
300 ## - PHYSICAL DESCRIPTION
Extent 840
505 0# - FORMATTED CONTENTS NOTE
Formatted contents note Manufacturing Planning and Control, Material Requirements Planning, Just-in-Time, Capacity Planning, Production Activity Control, Master Production Scheduling, Production Planning, Demand Management, Integrated MPC Systems, Implementation of MPC Systems, Advanced Concepts in Material Requirements Planning, Advanced Concepts in Just-in-Time, Advanced Concepts in Scheduling, Advanced Concepts in Production Planning, Short-Term Forecasting Systems, Independent Demand Inventory Management, Distribution Requirements Planning, MPC Frontier, Index.
520 ## - SUMMARY, ETC.
Summary, etc. Manufacturing Planning and Control, Material Requirements Planning, Just-in-Time, Capacity Planning, Production Activity Control, Master Production Scheduling, Production Planning, Demand Management, Integrated MPC Systems, Implementation of MPC Systems, Advanced Concepts in Material Requirements Planning, Advanced Concepts in Just-in-Time, Advanced Concepts in Scheduling, Advanced Concepts in Production Planning, Short-Term Forecasting Systems, Independent Demand Inventory Management, Distribution Requirements Planning, MPC Frontier, Index.
700 1# - ΠΡΟΣΘΕΤΗ ΑΝΑΓΡΑΦΗ--ΦΥΣΙΚΟ ΠΡΟΣΩΠΟ
Personal name Berry William L.
9 (RLIN) 1493
700 1# - ΠΡΟΣΘΕΤΗ ΑΝΑΓΡΑΦΗ--ΦΥΣΙΚΟ ΠΡΟΣΩΠΟ
Personal name Vollmann Thomas E
9 (RLIN) 1494
700 1# - ΠΡΟΣΘΕΤΗ ΑΝΑΓΡΑΦΗ--ΦΥΣΙΚΟ ΠΡΟΣΩΠΟ
Personal name Whybark Clay D
9 (RLIN) 1495
942 ## - ADDED ENTRY ELEMENTS (KOHA)
Koha item type Books
Holdings
Τύπος τεκμηρίου Βιβλιοθήκη Τρέχουσα τοποθεσία Barcode Αριθμός εισαγωγής Ημερομηνία απόκτησης Ταξιθετικό σύμβολο Αριθμός αντιτύπου Κατάσταση απόσυρσης Κατάσταση χαμένου Κατάσταση κατεστραμμένου Μη δανεισμός Σύνολο δανεισμών Ημερομηνία τελευταίας εμφάνισης Η τιμή ισχύει από
Books MC Athens Campus Library MC Athens Campus Library 9780000011138 1887 05/06/2025 658.5 VOL 1           05/06/2025 05/06/2025

MC Athens Campus Library
Πατησίων 94 & Κοδριγκτώνος 13, 104 34
Πελλήνης 8 & Πατησίων 107, 112 51
Τ: +30 210 8899600

MC Thessaloniki Campus Library
Ίωνος Δραγούμη 21, 54625 | Ίωνος Δραγούμη 15, 54625
Τ: +30 2310 287779 – Τ: +30 2314 440300